Alp-vikasit deshon ka arthshastra (Economics of un (Record no. 613605)

MARC details
000 -LEADER
fixed length control field 00726nam a2200253Ia 4500
003 - CONTROL NUMBER IDENTIFIER
control field OSt
005 - DATE AND TIME OF LATEST TRANSACTION
control field 20220926005357.0
008 - FIXED-LENGTH DATA ELEMENTS--GENERAL INFORMATION
fixed length control field 220923b |||||||| |||| 00| 0 eng d
037 ## - SOURCE OF ACQUISITION
Terms of availability General Book
040 ## - CATALOGING SOURCE
Original cataloging agency RTL
Transcribing agency RTL
Language of cataloging eng
041 ## - LANGUAGE CODE
Source of code eng
Language code of text/sound track or separate title eng
100 ## - MAIN ENTRY--PERSONAL NAME
Personal name Bover P T
9 (RLIN) 310145
245 #0 - TITLE STATEMENT
Title Alp-vikasit deshon ka arthshastra (Economics of un
260 ## - PUBLICATION, DISTRIBUTION, ETC.
Place of publication, distribution, etc. New Delhi
Name of publisher, distributor, etc. Shiksha Mantralaya
Date of publication, distribution, etc. 1968
300 ## - PHYSICAL DESCRIPTION
Extent 289p
Dimensions cm.
490 ## - SERIES STATEMENT
Series statement Hindi
650 ## - SUBJECT ADDED ENTRY--TOPICAL TERM
Topical term or geographic name entry element Economic Condition Developing Countries
700 ## - ADDED ENTRY--PERSONAL NAME
Personal name Yamey B S
9 (RLIN) 129599
942 ## - ADDED ENTRY ELEMENTS (KOHA)
Classification part X.1(X).N6, K8
Koha item type General Books
Source of classification or shelving scheme Colon Classification (CC)
Holdings
Withdrawn status Lost status Damaged status Not for loan Home library Current library Date acquired Total Checkouts Full call number Barcode Date last seen Price effective from Koha item type
        Ratan Tata Library Ratan Tata Library 2022-09-26   X.1(X).N6 K8 RT0058546 2022-09-26 2022-09-26 General Books
Copyright @ Delhi University Library System